Jugando y aprendiendo juntos: un modelo de intervención didáctico para favorecer el desarrollo de los niños y niñas con Sindrome de Dawn
Saved in:
| Main Author: | |
|---|---|
| Format: | Book |
| Language: | Spanish |
| Published: |
Málaga
Aljibe
1996
|
| Series: | Colección Educación para la Diversidad
|
| Subjects: | |
| Tags: |
Add Tag
No Tags, Be the first to tag this record!
|
MARC
| LEADER | 00000nam a2200000 a 4500 | ||
|---|---|---|---|
| 001 | UCQ1005 | ||
| 003 | CL-VaPUC | ||
| 008 | 980703e19960000SP |||||||||||||||||spa|d | ||
| 082 | 0 | 4 | |a 371.928 |b SAN |2 21 |
| 100 | 0 | |a Sánchez Rodríguez, Josefina |e author |9 414502 | |
| 245 | 1 | 0 | |a Jugando y aprendiendo juntos: un modelo de intervención didáctico para favorecer el desarrollo de los niños y niñas con Sindrome de Dawn |
| 300 | |a 192 p | ||
| 942 | |c BK | ||
| 945 | |d 19980703 00:00:00 |a aalvarez | ||
| 260 | |a Málaga |b Aljibe |c 1996 | ||
| 650 | 7 | |a SINDROME DE DAWN |2 CL-VaPUC |9 414503 | |
| 650 | 0 | |a Educación especial |9 307486 | |
| 650 | 7 | |a NIÑOS IMPEDIDOS MENTALMENTE |2 CL-VaPUC |9 307488 | |
| 650 | 0 | |a Métodos de enseñanza |9 270413 | |
| 583 | |a last modification |c 19980703 00:00:00 |k Rodrigo Vera | ||
| 490 | 0 | |a Colección Educación para la Diversidad | |
| 999 | |c 272017 |d 272015 | ||
| 952 | |0 0 |1 0 |4 0 |6 371_928000000000000_SAN_1996 |7 0 |8 A |9 306840 |a BIBEDU |b BIBEDU |d 2019-11-20 |i 3439909 |l 1 |o 371.928 SAN 1996 |p 3439909 |r 2022-04-13 |s 2022-04-06 |w 2019-11-20 |y BK |k BME | ||